|
|
|
|
| LEADER |
00000nam a2200000 a 4500 |
| 001 |
vtls001332777 |
| 003 |
SK-MaSNL |
| 005 |
20260416165350.0 |
| 008 |
240314s1989 xr 0 cze |
| 035 |
|
|
|a SNK000285683
|
| 040 |
|
|
|a SNK
|b slo
|c SNK
|e AACR2
|
| 041 |
0 |
|
|a cze
|
| 044 |
|
|
|a CZ
|
| 080 |
|
|
|a 619:615(075.8)
|2 1981
|
| 100 |
1 |
|
|a Šimůnek, Jan,
|d 1924-2007
|4 aut
|9 206403
|
| 245 |
1 |
0 |
|a Speciální farmakologie pro studující veterinární medicíny
|b obor všeobecné veterinární lékařství
|c Jan Šimůnek
|
| 260 |
|
|
|a Praha
|b Státní pedagogické nakladatelství
|c 1989
|
| 300 |
|
|
|a 194 s.
|c 4°
|
| 500 |
|
|
|a Vyd. Vysoká škola veterinární. Brno
|
| 650 |
0 |
7 |
|a farmakológia veterinárna
|x učebnice vysokoškolské
|2 SNK
|9 633373
|
| 958 |
|
|
|a RK
|
| 958 |
|
|
|a OND
|
| 999 |
|
|
|c 976396
|d 978326
|
| 952 |
|
|
|t P60, <04>, [BOOK], {604}
|a SNK
|b SNK
|y VYP
|7 0
|o snkIB 63332
|i snkKIP 13883/89
|0 0
|1 0
|4 0
|d 1998-05-29
|l 0
|r 2005-01-02 00:00:00
|w 2026-02-24
|
| 952 |
|
|
|t P60, <04>, [BOOK], {604}
|a SNK
|b SNK
|y VYP
|7 0
|o snkIB 63332 D1
|i snkKIP 13884/89
|0 0
|1 0
|4 0
|d 1998-05-29
|l 0
|r 2005-01-02 00:00:00
|w 2026-02-24
|